| 000 | 00483nam a2200181 4500 | ||
|---|---|---|---|
| 005 | 20230911104454.0 | ||
| 010 | _aENG-137987 | ||
| 020 |
_c325.00 _a9788189884604 |
||
| 035 | _aEN-121519 | ||
| 037 | _bDBAD/PUB | ||
| 082 | _aN | ||
| 100 |
_aRaghunath, Prema _956120 |
||
| 245 |
_aThe Cousins/ _cBy Prema Raghunath _hEnglish |
||
| 260 |
_aNew Delhi _bZubaan _c2011 |
||
| 270 |
_bNew Delhi _a128 B Shahpur Jar, 1st Floor |
||
| 300 |
_a209p. _c20cm(pbk) |
||
| 942 |
_2ddc _cEN _hN _mRAG |
||
| 999 |
_c197854 _d197854 |
||